000 00853nam a22002777a 4500
001 BR2018001813
003 BR-BrBNA
005 20230928105338.0
007 ta
008 230509b bl.||||| |||| 00| 0 por d
040 _aBR-BrBNA
_bpor
_cBiblioteca Nacional de Agricultura
041 _a(Por)
072 _aK10
090 _ K10 BR2018001813
100 1 _aTeixeira, C.E.S.
110 1 _aUniversidade Federal de Lavras, MG (Brasil)
_0Tese (Mestrado)
245 1 _aPolímero hidrorretentor e fertilização mineral na implantação de espécies florestais
260 3 _aLavras, MG (Brasil):
_c2018.
300 _a98 p.
500 _aSummaries (Eng, Por); Several bibliography; 12 tables
650 _aPRODUÇÃO FLORESTAL
650 _aADUBAÇÃO
650 _aNUTRIÇÃO VEGETAL
909 _a202309
_bLucia
_c55
_dLucia Elande
942 _cBK
999 _c84750
_d84750